LDR 01358naa#a2200217#i#450# 001 RU\\bibl\119357 005 20260416121051.4 011 ## _a2311-8873 100 ## _a20260410b2026####ek#y0rusy0150####ca 102 ## _aRU 200 1# _aЭКСПЕРИМЕНТАЛЬНОЕ ОПРЕДЕЛЕНИЕ ВЛИЯНИЯ ИЗМЕНЕНИЯ ЭФФЕКТИВНОЙ ЭЛЕКТРОПРОВОДНОСТИ ЭЛЕКТРОЛИТА И ВЫХОДА ПО ТОКУ МЕТАЛЛА НА ЛОГАРИФМИЧЕСКИЙ ИНДЕКС РАССЕИВАНИЯ ПРИ ЭЛЕКТРОХИМИЧЕСКОЙ РАЗМЕРНОЙ ОБРАБОТКЕ _eЖурнальная статья 210 1# _aВоронеж _cВоронежский государственный лесотехнический университет имени Г.Ф. Морозова _d2026 215 ## _a6 с. 608 ## _aЖурнальная статья _2local 675 ## _aХимическая и электрохимическая обработка. 621.9.047 _z 700 #1 _aБолдырев _gАлександр Александрович 700 #1 _aГригораш _gВладимир Васильевич 700 #1 _aБолдырев _gАлександр Иванович 700 #1 _aПадурец _gАнна Александровна 700 #1 _aПерова _gАлла Владимировна 856 4# _avntv.editorum.ru _u